000
00266nam a2200109Ia 4500
005
20251222120856.0
008
251222s1900||||xx |||||||||||||| ||spa||
082
_a
DVD0111 B94/1993
245
0
_a
El extraño mundo de Jack
264
_b
Touchstone Pictures
942
_c
DVD
999
_c
2418
_d
2418